Multiple Choice City Quiz – Metropolis - Statistics

General Stats
  • This quiz has been taken 18 times
  • The average score is 7 of 10
Answer Stats
Question Answer % Correct
In what state would you find Metropolis? New York
82%
Metropolis's biggest suburb is New Troy, inspired by the name of an ancient city located in what modern-day country? Turkey
82%
What is the tallest building in Metropolis, a twin-towered, 307-story skyscraper that forms a double-L? Lexcorp Tower
76%
Sometimes called "The Empire State Building of Metropolis", what iconic building is topped with a globe of the world? The Daily Planet Building
76%
What major highway connects Metropolis to both Miami and Portland, Maine? Interstate 95
71%
Some New Yorkers joke that Metropolis always has to one-up New York—even with their number of boroughs! How many boroughs does Metropolis have? 6
65%
What Metropolis reporter won international acclaim and a Pulitzer for an article titled, "Why the World Doesn't Need Superman"? Lois Lane
65%
Metropolis is derived from Greek. What did it originally mean? Mother City
65%
What family has been wealthy and influential in Metropolis since the mid-1800s? Luthor
59%
Which of these is NOT a notable landmark in New Troy? Rodeo Grove
35%
No matching quizzes found
Score Distribution
Percent of People with Each Score
Percentile by Number Answered
Your Score History
You have not taken this quiz